000166420 001__ 166420 000166420 005__ 20260121131120.0 000166420 037__ $$aTAZ-TFG-2025-4494 000166420 041__ $$aspa 000166420 1001_ $$aGarcía Leyva, Rafael 000166420 24200 $$aSpacetime in doubly special relativity 000166420 24500 $$aEspacio-tiempo en relatividad doblemente especial. 000166420 260__ $$aZaragoza$$bUniversidad de Zaragoza$$c2025 000166420 506__ $$aby-nc-sa$$bCreative Commons$$c3.0$$uhttp://creativecommons.org/licenses/by-nc-sa/3.0/ 000166420 520__ $$aUn estudio de las nociones de espacio y tiempo a lo largo de la física junto con una presentación de la teoría de relatividad doblemente especial, enfocando el trabajo en las características del marco espacio-temporal que la sustenta.<br /><br /> 000166420 521__ $$aGraduado en Física 000166420 540__ $$aDerechos regulados por licencia Creative Commons 000166420 691__ $$a0 000166420 692__ $$a 000166420 700__ $$aCarmona Martínez, José Manuel$$edir. 000166420 700__ $$aCortés Azcoiti, José Luis$$edir. 000166420 700__ $$aReyes Hung, Maykoll Anthonny$$edir. 000166420 7102_ $$aUniversidad de Zaragoza$$b $$c 000166420 8560_ $$f893900@unizar.es 000166420 8564_ $$s905255$$uhttps://zaguan.unizar.es/record/166420/files/TAZ-TFG-2025-4494.pdf$$yMemoria (spa) 000166420 909CO $$ooai:zaguan.unizar.es:166420$$pdriver$$ptrabajos-fin-grado 000166420 950__ $$a 000166420 951__ $$adeposita:2026-01-21 000166420 980__ $$aTAZ$$bTFG$$cCIEN 000166420 999__ $$a20250916213600.CREATION_DATE